[Event "2nd It"]
[Site "Klaksvik FAI"]
[Date "2003.10.09"]
[Round "4"]
[White "Pilgaard,K"]
[Black "McNab,C"]
[Result "0-1"]
[WhiteElo "2459"]
[BlackElo "2379"]

1.e4 c5 2.Nf3 e6 3.d4 cxd4 4.Nxd4 a6 5.Nc3 b5 6.Bd3 Qb6 7.Nb3 Qc7 8.O-O Bb7
9.Re1 d6 10.Bf4 Nd7 11.a4 bxa4 12.Rxa4 Ngf6 13.Qe2 Be7 14.Bxa6 O-O 15.Bxb7 Rxa4
16.Nxa4 Qxb7 17.Nc3 Rc8 18.Ra1 Nc5 19.Nxc5 Qxb2 20.Qa6 Rxc5 21.Qa8+ Bf8 22.Bxd6 Rc8
23.Nd1 Qxc2 24.Qa3 Qd2  0-1

[Event "ch-Africa"]
[Site "Abuja NGR"]
[Date "2003.10.10"]
[Round "1"]
[White "Chakurira,S"]
[Black "Ahmed,Es"]
[Result "1/2-1/2"]
[WhiteElo "2205"]
[BlackElo "2408"]

1.e4 c5 2.Nf3 e6 3.d4 cxd4 4.Nxd4 a6 5.Nc3 b5 6.Bd3 Bb7 7.O-O Qc7 8.Be3 Nf6
9.a3 d5 10.exd5 Nxd5 11.Nxd5 Bxd5 12.Qg4 Bd6 13.f4 Nd7 14.Bxb5 axb5 15.Nxb5 Qb8
16.Qxg7 Qxb5 17.Qxh8+ Ke7 18.Qg7 Bc5 19.Bd4 Qb6 20.c3 Qxb2 21.f5 Qxc3 22.f6+ Kd6
23.Bxc5+ Qxc5+ 24.Kh1 Ne5 25.Qg3 Kd7 26.Rac1 Nc4 27.Rc3 Rxa3 28.Rxa3 Qxa3
29.Qg8 e5 30.Rd1 Nd6 31.Qxh7 Qe3 32.Qh5 Kc7 33.h3 Ne4 34.Qxe5+ Kc8 35.Rxd5  1/2-1/2

[Event "FSGM October"]
[Site "Budapest HUN"]
[Date "2003.10.10"]
[Round "7"]
[White "Antal,Ge"]
[Black "Anka,E"]
[Result "1-0"]
[WhiteElo "2473"]
[BlackElo "2432"]

1.e4 c5 2.Nf3 e6 3.d4 cxd4 4.Nxd4 a6 5.Nc3 Qc7 6.Bd3 Nf6 7.O-O Be7 8.a4 b6
9.Kh1 d6 10.f4 Nbd7 11.e5 dxe5 12.fxe5 Qxe5 13.Nc6 Qc5 14.Nxe7 Qxe7 15.Qf3 Rb8
16.Bf4 e5 17.Rae1 O-O 18.Bg5 Qb4 19.Ne4 Nxe4 20.Rxe4 Qd6 21.Rh4 f5 22.Bc4+  1-0

[Event "zt 3.1a"]
[Site "Dubai UAE"]
[Date "2003.10.10"]
[Round "7"]
[White "Raes,A"]
[Black "Mahjoob,M"]
[Result "0-1"]
[WhiteElo "2212"]
[BlackElo "2408"]

1.e4 c5 2.Nf3 e6 3.Nc3 a6 4.d4 cxd4 5.Nxd4 Qc7 6.g3 Nf6 7.Bg2 Bb4 8.Ne2 Be7
9.O-O O-O 10.Nf4 d6 11.h3 Nc6 12.g4 b5 13.a3 Rb8 14.Nd3 a5 15.g5 Nd7 16.Ne2 Re8
17.Kh1 b4 18.axb4 Nxb4 19.Nxb4 axb4 20.Be3 Nc5 21.Ng3 g6 22.Qd2 Bd7 23.f4 Bc6
24.Rae1 Ba8 25.Qf2 b3 26.Bxc5 Qxc5 27.c3 Qxf2 28.Rxf2 e5 29.Ref1 Rf8 30.h4 exf4
31.Rxf4 Bc6 32.R4f2 h6 33.Rd1 hxg5 34.hxg5 Rfd8 35.Ne2 Bxg5 36.Nd4 Ba8 37.Rdf1 Rf8
38.Re2 Kg7 39.Ra1 Bf6 40.Ra3 Bxd4 41.cxd4 Rb4 42.Rd2 Rc8 43.d5 Rcb8 44.Rd3 f5
45.exf5 gxf5 46.Rg3+ Kf6 47.Re3 Rg4 48.Re6+ Kg5 49.Rxd6 Rh8+ 50.Kg1 Rc8 51.Rd7 Rc1+
52.Kh2 Rh4+ 53.Kg3 Rg4+ 54.Kf3 Rf4+ 55.Ke3 Re1+ 56.Kd2 Rg1 57.Ke3 Re1+ 58.Kd3 Re8
59.Rg7+ Kf6 60.Rga7 Rg4 61.Bf3 Rg3 62.R7a6+ Ke5 63.Kc4 Rc8+ 64.Kb4 Rxf3 65.Rxa8 Rxa8
66.Rxa8 Kxd5 67.Rd8+ Ke4 68.Kc4 Re3 69.Rf8 f4 70.Rf7 Kf3 71.Kd4 Re8 72.Rb7 Ke2
73.Rxb3 f3 74.Rb7 Rf8 75.Ra7 f2 76.Ra1 Rb8 77.Kc3 f1=Q 78.Rxf1 Kxf1 79.b4 Ke2
80.Kc4 Ke3  0-1

[Event "Femida"]
[Site "Kharkov UKR"]
[Date "2003.10.11"]
[Round "6"]
[White "Sorokina,V"]
[Black "Fatalibekova,E"]
[Result "0-1"]
[WhiteElo "2201"]
[BlackElo "2317"]

1.e4 c5 2.Nf3 e6 3.Nc3 a6 4.d4 cxd4 5.Nxd4 b5 6.a3 Bb7 7.Bd3 Qc7 8.O-O Nf6
9.Qe2 d6 10.Kh1 Be7 11.f4 Nbd7 12.Bd2 O-O 13.Rae1 Rad8 14.Rf3 Nc5 15.Rh3 g6
16.f5 e5 17.Nb3 Nxb3 18.cxb3 d5 19.exd5 Bxd5 20.Qf2 Ba8 21.Qh4 Rxd3 22.Rxd3 Ne4
23.Qxe4 Bxe4 24.Nxe4 Rd8 25.Rc3 Qb6 26.fxg6 hxg6 27.Be3 Qb7 28.Bc5 Bxc5 29.Nxc5 Qa8
30.Rc2 e4 31.b4 e3 32.Nb3 Rd3 33.Rec1 Qd5  0-1

[Event "ch-Africa"]
[Site "Abuja NGR"]
[Date "2003.10.12"]
[Round "3"]
[White "Chumfwa,S"]
[Black "El Gindy,E"]
[Result "0-1"]
[WhiteElo "2318"]
[BlackElo "2501"]

1.e4 c5 2.Nf3 e6 3.d4 cxd4 4.Nxd4 a6 5.Nc3 b5 6.Bd3 Qb6 7.Nb3 Qc7 8.O-O Bb7
9.Qe2 d6 10.a4 b4 11.Na2 Nf6 12.c3 bxc3 13.Nxc3 Be7 14.Be3 O-O 15.Rac1 Nc6
16.f4 Qb8 17.Kh1 Nb4 18.Bb1 a5 19.Rf3 Rc8 20.Rh3 e5 21.fxe5 dxe5 22.Bg5 Ba6
23.Qe1 Bc4 24.Bxf6 Bxf6 25.Nd5 Bg5 26.Rcc3 h6 27.Nd2 Nxd5 28.exd5 Bxd5 29.Rc4 Rc6
30.Rxc6 Qc8 31.Ne4 Bf4 32.Rhc3 Qb7 33.R3c5 Bxc6 34.h4 Rd8 35.Bc2  0-1

[Event "ch-Africa"]
[Site "Abuja NGR"]
[Date "2003.10.12"]
[Round "3"]
[White "Belkacem,K"]
[Black "Lungu,N"]
[Result "0-1"]
[WhiteElo "2121"]
[BlackElo "2270"]

1.e4 c5 2.Nf3 e6 3.d4 cxd4 4.Nxd4 a6 5.Nc3 Qc7 6.Be2 Nf6 7.Be3 Ba3 8.Bc1 Bb4
9.Bd2 Bxc3 10.Bxc3 Nxe4 11.Bb4 d6 12.O-O O-O 13.Qd3 Nc5 14.Qe3 b6 15.c4 Bb7
16.Rfd1 Nc6 17.Be1 Rfd8 18.b4 Nxd4 19.Rxd4 e5 20.Rh4 Ne6 21.Bd3 h6 22.Bc3 Nf4
23.Bf1 b5 24.Qg3 Ng6 25.Rg4 Bc8 26.Re4 Bf5 27.Ree1 bxc4 28.Rac1 Be6 29.h4 Qe7
30.h5 Nf4 31.Qf3 Qg5 32.Rcd1 Bg4 33.Qb7 Bxd1 34.Rxd1 Nh3+ 35.Kh2 Nxf2 36.Rxd6 Qh4+
37.Kg1 Ng4 38.Bxc4 Qh2+ 39.Kf1 Ne3+  0-1

[Event "Femida Open"]
[Site "Kharkov UKR"]
[Date "2003.10.12"]
[Round "5"]
[White "Sukhaja,V"]
[Black "Sluzhbina,A"]
[Result "0-1"]
[WhiteElo "1969"]
[BlackElo "1993"]

1.e4 c5 2.Nf3 e6 3.Nc3 a6 4.d4 cxd4 5.Nxd4 b5 6.g3 Bb7 7.Bg2 Nf6 8.f3 d6
9.O-O Be7 10.Be3 Nbd7 11.Nce2 d5 12.exd5 Nxd5 13.Bf2 O-O 14.Qd2 N7b6 15.b3 Rc8
16.c3 Bf6 17.Rac1 e5 18.Nf5 Nxc3 19.Qb2 b4 20.Nxc3 bxc3 21.Rxc3 e4 22.Rxc8 Bxc8
23.Qe2 Bxf5 24.Qxa6 exf3 25.Bxf3 Bd4 26.b4 Bxf2+ 27.Rxf2 Qd4 28.b5 Re8 29.Qb7 Bh3
30.Be2 Nd7 31.Qf3 Nf6 32.Kh1 Rxe2 33.Qxe2 Qa1+ 34.Rf1 Qxf1+  0-1

[Event "HSK IM"]
[Site "Hamburg GER"]
[Date "2003.10.13"]
[Round "1"]
[White "Sebastian,D"]
[Black "Murdzia,P"]
[Result "1/2-1/2"]
[WhiteElo "2360"]
[BlackElo "2446"]

1.e4 c5 2.Nc3 e6 3.Nf3 a6 4.d4 cxd4 5.Nxd4 b5 6.Bd3 d6 7.O-O Nf6 8.Qe2 Be7
9.Bd2 O-O 10.a4 b4 11.Nd1 Qb6 12.c3 bxc3 13.Bxc3 Bb7 14.a5 Qa7 15.b4 Nc6
16.Nxc6 Bxc6 17.Rc1 Rfc8 18.Kh1 Qb7 19.f3 d5 20.e5 Ne8 21.f4 d4 22.Bd2 g6
23.Rxc6 Rxc6 24.Nf2 h5 25.Be4 Rac8 26.Bxc6 Rxc6 27.Rb1 Nc7 28.Qd3 Nb5 29.Ne4 Qd7
30.Kg1 Qd5 31.Rc1 Rxc1+ 32.Bxc1 Qa2 33.Bd2 Kg7 34.h3 Qb2 35.Nc5 Bxc5 36.bxc5 Qa2
37.g4 hxg4 38.hxg4 Qd5 39.Bb4 g5 40.fxg5 Qxe5 41.Bd2 Qxc5 42.Bf4 Nc3 43.Kh2 Qd5
44.Qxa6 d3 45.Qb6 Ne2 46.Qb2+ Nd4 47.a6 Qe4 48.Qf2 Qh7+ 49.Kg2 Qe4+ 50.Kh2 Qh7+
51.Kg2 Qe4+  1/2-1/2

[Event "HSK IM"]
[Site "Hamburg GER"]
[Date "2003.10.13"]
[Round "2"]
[White "Berger,Stev"]
[Black "Murdzia,P"]
[Result "1/2-1/2"]
[WhiteElo "2278"]
[BlackElo "2446"]

1.Nc3 c5 2.e4 e6 3.Nf3 a6 4.d4 cxd4 5.Nxd4 b5 6.g3 Bb7 7.Bg2 Nf6 8.O-O Bb4
9.e5 Bxg2 10.Kxg2 Bxc3 11.bxc3 Nd5 12.Qg4 Kf8 13.a4 Nc6 14.Nxc6 dxc6 15.c4 h5
16.Qd4 bxc4 17.Qxc4 Kg8 18.Qc5 Qb8 19.Re1 Qb4 20.Ba3 Qg4 21.f3 Nf4+ 22.Kf2 Nh3+
23.Kg2 Nf4+ 24.Kf2 Nh3+ 25.Kg2  1/2-1/2

[Event "EuTCh w"]
[Site "Plovdiv BUL"]
[Date "2003.10.13"]
[Round "3"]
[White "Lallemand,R"]
[Black "Roelli,C"]
[Result "1/2-1/2"]
[WhiteElo "2289"]
[BlackElo "2017"]

1.e4 c5 2.Nf3 e6 3.d4 cxd4 4.Nxd4 a6 5.Nc3 Qc7 6.Be2 Nf6 7.O-O Bb4 8.Qd3 Nc6
9.Kh1 O-O 10.f4 d6 11.Bd2 Nxd4 12.Qxd4 Bc5 13.Qd3 b5 14.a3 Bb7 15.Bf3 b4
16.axb4 Bxb4 17.Nb5 axb5 18.Bxb4 Rfd8 19.Qxb5 Rxa1 20.Rxa1 Bxe4 21.Bxe4 Nxe4
22.Qa5 Qb8 23.c3 d5 24.Rf1 Rd7 25.Qa6 Nd2 26.Ra1 Rd8 27.Be7 Re8 28.Qc6 Ne4
29.Ra7 h6 30.Qd7 Kh7 31.g3 Qxb2 32.Qxe8 Qe2 33.Ra1 Qf3+ 34.Kg1 Qf2+ 35.Kh1 Qf3+
36.Kg1 Qf2+  1/2-1/2

[Event "HSK IM"]
[Site "Hamburg GER"]
[Date "2003.10.15"]
[Round "4"]
[White "Van Delft,M"]
[Black "Murdzia,P"]
[Result "1/2-1/2"]
[WhiteElo "2402"]
[BlackElo "2446"]

1.e4 c5 2.Nf3 e6 3.d4 cxd4 4.Nxd4 a6 5.Nc3 b5 6.Bd3 d6 7.O-O Nf6 8.Qe2 Be7
9.Bd2 O-O 10.a4 b4 11.Na2 Qb6 12.Nf3 Nc6 13.a5 Qb7 14.c3 bxc3 15.Nxc3 Nb4
16.Bb1 e5 17.Na4 Bd8 18.Rd1 Rb8 19.Bg5 Qe7 20.Nc3 h6 21.Bh4 Qe6 22.Nd2 Qg4
23.Bxf6 Qxe2 24.Nxe2 Bxf6 25.Nc4 Be6 26.Nb6 Bd8 27.Rxd6 Bc7 28.Rd2 Rfd8 29.Rxd8+ Rxd8
30.Nc3 Rd2 31.h4 Rxb2 32.Ncd5 Bxb6 33.axb6 Nxd5 34.exd5 Bxd5 35.Bd3 Rxb6
36.Rxa6 Rxa6 37.Bxa6 f5 38.g3 Bf3 39.Bc8 g6 40.Kf1 Kf7 41.Ke1 Kf6 42.Kd2 f4
43.Ke1 Bd5 44.gxf4 exf4 45.Kf1 f3 46.Kg1 Ke5 47.Kh2 Kf4 48.Bd7 Be4 49.Bc8 Bf5
50.Bb7 Kg4 51.Bc6 Bd3 52.Bd5 Bc2 53.Bc6 Bf5 54.Bd5 h5 55.Bc6 Kxh4 56.Bxf3 Kg5
57.Bc6 Kf4 58.Ba4 Kf3 59.Kg1 Be4 60.Bd1+ Kf4 61.Be2 h4 62.Bd1 Bd3 63.Ba4 g5
64.Bd1 Bb5 65.Bb3 Bc6 66.Be6 Bf3 67.Bh3 Ke4 68.Bf1 Kd4 69.Kh2 Kc3 70.Kg1 Kd2
71.Ba6 Ke1 72.Bc8 g4 73.Bd7 Kd2 74.Bc8 Kc3 75.Bd7 Kd4 76.Bc8 Ke5 77.Bd7 Kf4
78.Bb5 Be4 79.Ba6 Bf5 80.Bb7 Be6 81.Bc6 Bc4 82.Bb7 Be2 83.Bc6 Bf3 84.Bb5 Be4
85.Ba6 Bf5 86.Bb5 h3 87.Bc6 g3 88.fxg3+ Kxg3 89.Kh1 Be6 90.Kg1 Bc4 91.Bg2 hxg2  1/2-1/2

[Event "EuTCh w"]
[Site "Plovdiv BUL"]
[Date "2003.10.15"]
[Round "5"]
[White "Dembo,Y"]
[Black "Ciuksyte,D"]
[Result "1-0"]
[WhiteElo "2415"]
[BlackElo "2295"]

1.e4 c5 2.Nf3 e6 3.d4 cxd4 4.Nxd4 a6 5.Nc3 b5 6.Bd3 Qb6 7.Nb3 Qc7 8.O-O Nf6
9.Qe2 d6 10.Bd2 Bb7 11.a4 b4 12.Na2 d5 13.e5 Nfd7 14.f4 Nc6 15.Kh1 Be7 16.Qe1 Qb6
17.Be3 d4 18.Bg1 g5 19.fxg5 Rg8 20.g6 hxg6 21.Be4 Ndxe5 22.Nxd4 Nxd4 23.Bxb7 Qxb7
24.Bxd4 Nc6 25.Qe4 O-O-O 26.Bg1 Bd6 27.c3 Rd7 28.cxb4 Nxb4 29.Qe2 Nd5 30.Rf3 Nf4
31.Rc1+ Kd8 32.Qf2 g5 33.Nc3 Rh8 34.Qb6+ Qxb6 35.Bxb6+ Ke7 36.g3 g4 37.Re3 Ng6
38.Nd5+ Kf8 39.Nf6 Rb7 40.Bd4 e5 41.Bc3 Bb4 42.Nxg4 Bxc3 43.bxc3 Rb2 44.Rf1 Ke7
45.Kg1 Ra2 46.Re4 Rc8 47.Nxe5 Nxe5 48.Rxe5+ Kf8 49.Ref5 Rxc3 50.Rxf7+ Kg8
51.R7f4 Rcc2 52.R1f2 Rxf2 53.Rxf2 Rxa4 54.Kg2 a5 55.Kh3 Kg7 56.Rf5 Ra1 57.g4 Kg6
58.Rb5 a4 59.Ra5 a3 60.Kh4 a2 61.Ra6+ Kg7 62.g5 Kf7 63.Kh5 Kg7 64.Ra7+ Kg8  1-0

[Event "ch-Africa"]
[Site "Abuja NGR"]
[Date "2003.10.17"]
[Round "9"]
[White "Olape,B"]
[Black "Ahmed,Es"]
[Result "0-1"]
[WhiteElo "2273"]
[BlackElo "2408"]

1.e4 c5 2.Nf3 e6 3.d4 cxd4 4.Nxd4 a6 5.Nc3 Qc7 6.Be3 Nf6 7.Bd3 b5 8.O-O Bb7
9.a3 d6 10.f4 Nbd7 11.h3 Be7 12.Qf3 Nc5 13.Rf2 Rc8 14.Re1 Qb8 15.g4 O-O 16.g5 Nfd7
17.Qh5 g6 18.Qh6 Rfe8 19.f5 Bf8 20.Qh4 Ne5 21.fxg6 fxg6 22.Bf1 Bg7 23.b4 Ncd7
24.Nce2 Qa8 25.Bg2 Rc4 26.Ref1 d5 27.Nf4 dxe4 28.Nfxe6 Nf3+ 29.Bxf3 exf3
30.Qg4 Nf8 31.Nxf8 Rxe3 32.Nfe6 Bc8 33.Rxf3 Bxe6 34.Qf4 Rxf3  0-1

[Event "HSK IM"]
[Site "Hamburg GER"]
[Date "2003.10.18"]
[Round "8"]
[White "Feuerstack,A"]
[Black "Murdzia,P"]
[Result "0-1"]
[WhiteElo "2196"]
[BlackElo "2446"]

1.e4 c5 2.Nf3 e6 3.d4 cxd4 4.Nxd4 a6 5.Nc3 b5 6.Bd3 d6 7.Bd2 Nf6 8.a4 b4
9.Na2 Bb7 10.Qe2 Qb6 11.Nb3 d5 12.e5 Nfd7 13.Be3 Qc7 14.f4 Nc5 15.Nxc5 Bxc5
16.O-O Nd7 17.Kh1 O-O 18.Bxc5 Nxc5 19.Rf3 Nxd3 20.Qxd3 Rfc8 21.c3 bxc3 22.Nxc3 Qc4
23.Rd1 g6 24.Qd4 Rab8 25.Kg1 Ba8 26.Rf2 Rb4 27.Qa7 Qc5 28.Qxa6 Rcb8 29.Qd6 Qxd6
30.exd6 Bc6 31.Rc1 Bd7 32.a5 Kg7 33.Rcc2 Rd8 34.Na2 Ra4 35.b4 Be8 36.Rb2 Ra3
37.Rf3 Ra4 38.Nc3 Ra1+ 39.Rf1 Ra3 40.Nb1 Ra1 41.Nc3 Ra3 42.Rf3 Rxd6 43.Nb1 Ra1
44.Ra3 Rxa3 45.Nxa3 Ra6 46.Nc2 f6 47.Nd4 e5 48.Re2 exd4 49.Rxe8 Kf7 50.Re1 Rc6
51.b5 Rc5 52.a6 d3 53.Kf2 d2 54.Rd1 Rxb5 55.Rxd2 Ra5 56.Rb2 Rxa6 57.Rb7+ Ke6
58.Rxh7 Kf5 59.Rd7 Ke4 60.f5 Ra2+ 61.Kg3 Ra3+ 62.Kh4 gxf5 63.g3 d4 64.Kh5 Ra5
65.Kg6 Rd5 66.Re7+ Kf3 67.Kxf6 d3 68.Re1 d2 69.Rd1 Ke2 70.Ra1 d1=Q 71.Rxd1 Kxd1
72.h4 Ke2 73.h5 Kf3  0-1

[Event "La Raza"]
[Site "Medellin COL"]
[Date "2003.10.18"]
[Round "6"]
[White "Celis Sanchez,C"]
[Black "Zapata,A"]
[Result "0-1"]
[WhiteElo "2321"]
[BlackElo "2472"]

1.e4 c5 2.Nf3 e6 3.d4 cxd4 4.Nxd4 a6 5.Nc3 b5 6.g3 Bb7 7.Bg2 Nf6 8.O-O b4
9.e5 Bxg2 10.Kxg2 bxc3 11.exf6 Qxf6 12.bxc3 Bc5 13.Bf4 d5 14.Nb3 Be7 15.c4 O-O
16.cxd5 exd5 17.Qxd5 Nc6 18.Rae1 Rac8 19.Be5 Qg6 20.c4 Bb4 21.Re3 Rfd8 22.Qf3 Nxe5
23.Rxe5 Rxc4 24.Rd1 Rxd1 25.Qxd1 h6 26.Qd8+ Kh7 27.Re8 Qc6+ 28.Kg1 Qf3 29.Re3 Qf5
30.Qd1 g6 31.Rf3 Qe6 32.Re3 Qc6 33.h4 h5 34.Qd8 Rc2 35.Re8 Bc3 36.Re7 Qf6
37.f4 Bb4  0-1

[Event "TCh-BEL 2003-4"]
[Site "Belgium BEL"]
[Date "2003.10.19"]
[Round "2"]
[White "Leenhouts,K"]
[Black "Handke,F"]
[Result "1/2-1/2"]
[WhiteElo "2292"]
[BlackElo "2476"]

1.e4 c5 2.Nf3 e6 3.d4 cxd4 4.Nxd4 a6 5.Nc3 Qc7 6.Be3 Nf6 7.f3 Bb4 8.Qd3 d5
9.exd5 Nxd5 10.Bd2 Nxc3 11.bxc3 Bd6 12.Qe4 Nd7 13.Nf5 Be5 14.Nd4 Nf6 15.Qh4 Nd5
16.Bd3 Nf4 17.O-O Nxd3 18.cxd3 O-O 19.Rfe1 Bf6 20.Qe4 Bd7 21.Rab1 b5 22.Rec1 Rfd8
23.c4 Be8 24.Nb3 Bc6 25.Qe3 Qd6 26.c5 Qxd3 27.Qxd3 Rxd3 28.Ba5 Rc8 29.Rd1 Rxd1+
30.Rxd1 Bd5 31.Bb6 g5 32.Kf2 h5 33.Ke3 Kg7 34.Nd4 Be7 35.Nf5+ Kf8 36.Nxe7 Kxe7
37.a3 Kd7 38.h4 Rg8 39.hxg5 Rxg5 40.Kf2 Rf5 41.Rh1 Kc6 42.Ke3 Re5+ 43.Kf4 f6
44.Rh2 Rg5 45.Ke3 Bc4 46.Bd8 Rd5 47.Bxf6 Rd3+ 48.Kf4 Rxa3 49.Rxh5 Bd5 50.Bd4 Rd3
51.Ke5 Rd2 52.Rh8 Rxg2 53.Rb8 Rg5+ 54.Kf6 Rf5+ 55.Ke7 Kc7  1/2-1/2

[Event "300 Years"]
[Site "St Petersburg RUS"]
[Date "2003.10.19"]
[Round "2"]
[White "Areshchenko,A"]
[Black "Bryzgalin,K"]
[Result "1-0"]
[WhiteElo "2539"]
[BlackElo "2435"]

1.e4 c5 2.Nf3 e6 3.d4 cxd4 4.Nxd4 a6 5.Nc3 Qc7 6.Bd3 Nc6 7.Be3 Nf6 8.O-O Ne5
9.Nf3 Nfg4 10.Bf4 Bd6 11.Bg3 Nxf3+ 12.Qxf3 Bxg3 13.hxg3 Ne5 14.Qh5 d6 15.Be2 b5
16.a3 Bb7 17.Rad1 O-O 18.Rd4 Rad8 19.g4 Ng6 20.Qh2 e5 21.Rd2 Nf4 22.Rfd1 Ne6
23.Qg3 Nd4 24.Bd3 g6 25.Qe3 Qd7 26.f3 Qc7 27.Kf2 Qe7 28.a4 Bc6 29.axb5 axb5
30.Ne2 Ne6 31.Qb6 Qc7 32.Qxc7 Nxc7 33.c4 Rb8 34.Nc3 Rfc8 35.b3 b4 36.Ne2 Ra8
37.Bb1 Ne8 38.Nc1 Rcb8 39.g3 Ra1 40.Na2 Kf8 41.Ke3 Ke7 42.Rd3 h5 43.gxh5 gxh5
44.Kd2 Nf6 45.Kc1 Nxe4 46.fxe4 Bxe4 47.Kb2 Rxb1+ 48.Kxb1 Ke6 49.Kc1 Bxd3
50.Rxd3 f5 51.Kd2 e4 52.Rd5 Rg8 53.Nxb4 Rxg3 54.Nc2 Rg2+ 55.Kc3 Rg3+ 56.Kb4 Rd3
57.Nd4+ Rxd4 58.Rxd4 h4 59.Kc3  1-0

[Event "300 Years"]
[Site "St Petersburg RUS"]
[Date "2003.10.20"]
[Round "3"]
[White "Halyavskiy,N"]
[Black "Iljin,A"]
[Result "0-1"]
[WhiteElo "2312"]
[BlackElo "2473"]

1.e4 c5 2.Nf3 e6 3.d4 cxd4 4.Nxd4 a6 5.Nc3 b5 6.a3 Bb7 7.Bd3 Qb6 8.Nb3 Qc7
9.O-O Nf6 10.f4 d6 11.Qf3 Nbd7 12.Bd2 g6 13.Rae1 Bg7 14.f5 gxf5 15.Qh3 fxe4
16.Nxe4 Nxe4 17.Bxe4 Bxe4 18.Rxe4 Ne5 19.Bc3 f5 20.Re2 O-O 21.Kh1 Rae8 22.Nd4 Qf7
23.Rfe1 Ng4 24.Qd3 e5 25.Nc6 f4 26.Nb4 a5 27.Nd5 e4 28.Qh3 f3 29.gxf3 exf3
30.Qxg4 fxe2 31.Nf6+ Kh8 32.Nxe8 Bxc3 33.bxc3 Qd5+ 34.Kg1 Rg8 35.Qxg8+ Qxg8+  0-1

[Event "300 Years"]
[Site "St Petersburg RUS"]
[Date "2003.10.22"]
[Round "5"]
[White "Kosintseva,N"]
[Black "Tchernyi,V"]
[Result "1-0"]
[WhiteElo "2428"]
[BlackElo "2322"]

1.e4 c5 2.Nf3 e6 3.Nc3 a6 4.d4 cxd4 5.Nxd4 Qc7 6.g3 Bb4 7.Bd2 Nc6 8.Nb3 Nf6
9.Bg2 O-O 10.O-O b5 11.a4 Rb8 12.axb5 axb5 13.Qe2 Bxc3 14.Bxc3 e5 15.Na5 b4
16.Nxc6 dxc6 17.Bd2 c5 18.Be3 Ng4 19.Bd2 Nf6 20.f3 Be6 21.Be3 Rfc8 22.Rfd1 Ne8
23.f4 Nd6 24.f5 Bc4 25.Qf2 Ne8 26.g4 f6 27.g5 fxg5 28.Bxg5 Nf6 29.Bf3 Ra8
30.Qh4 Rxa1 31.Rxa1 Qe7 32.Kf2 Rd8 33.b3 Bb5 34.Bxf6 gxf6 35.Qh6 Kh8 36.Ra7 Rd3
37.Ra5 Bc6 38.Ra6 Rd6 39.Kg3 Bb5 40.Ra5 Bc6 41.Rxc5 Kg8 42.Qe3 Kg7 43.Qe1 Qb7
44.Rc4 Rd4 45.Rxd4 exd4 46.Kh4 Kf8 47.Kh3 Qe7 48.Qh4 Kg7 49.Qf2 Qc5 50.Qg3+ Kh6
51.Qf4+ Kg7 52.Qc7+ Kh6 53.Qf7 Kg5 54.Qc7 Kh6 55.e5 Qxc2 56.Qxc6 Qxf5+ 57.Bg4 Qxe5
58.Qf3 Kg6 59.Qg3 Kh6 60.Qxe5 fxe5 61.Kg3  1-0

[Event "300 Years"]
[Site "St Petersburg RUS"]
[Date "2003.10.22"]
[Round "5"]
[White "Halyavskiy,N"]
[Black "Pugachov,A"]
[Result "0-1"]
[WhiteElo "2312"]
[BlackElo "2499"]

1.e4 c5 2.Nf3 e6 3.d4 cxd4 4.Nxd4 a6 5.Nc3 Qc7 6.Bd3 Nc6 7.Nf3 Nf6 8.O-O Bc5
9.Qe2 Ng4 10.g3 b5 11.Bf4 d6 12.Rad1 O-O 13.h3 Nge5 14.Kh2 Bb7 15.Be3 Nxf3+
16.Qxf3 b4 17.Nb1 Ne5 18.Qe2 Bxe3 19.Qxe3 d5 20.Nd2 Rfd8 21.Rfe1 Nxd3 22.cxd3 dxe4
23.Nxe4 Rd5 24.Rc1 Qd8 25.Nc5 Bc8 26.Rc4 a5 27.Rec1 h6 28.a3 bxa3 29.bxa3 Rb8
30.R4c3 Bd7 31.R1c2 Qe7 32.Qe4 Be8 33.Na6 Rbd8 34.Nc5 Bb5 35.Qe3 Qg5 36.f4 Qf5
37.Rd2 h5 38.a4 Be8 39.Nb7 Ra8 40.Nc5 Rb8 41.Na6 Rbd8 42.Nc7 R5d6 43.Rc5 Rxd3
44.Rxd3 Rxd3 45.Qf2 Qe4 46.Nxe8 h4 47.Rg5 Kf8 48.Nf6 Qb4 49.Qc5+ Qxc5 50.Nh7+ Kg8
51.Nf6+ Kh8 52.Rxc5 hxg3+ 53.Kg2 gxf6 54.Rxa5 Ra3 55.Ra8+ Kg7 56.Ra5 Kg6
57.Rc5 f5 58.Rb5 Kh5 59.Rb7 Rxa4 60.Kxg3 Ra3+ 61.Kg2 f6 62.Rb6 Re3 63.Kf2 Re4
64.Kg3 e5 65.Rxf6 Rxf4 66.h4 Rg4+ 67.Kf3 e4+ 68.Ke3 Rg3+ 69.Kf2 Rf3+ 70.Ke2 Kxh4
71.Rg6 Rg3 72.Rf6 Kg4 73.Kf2 Ra3  0-1

[Event "CCAS Open"]
[Site "Cap d'Agde FRA"]
[Date "2003.10.23"]
[Round "1"]
[White "Garnier,G"]
[Black "Collas,D"]
[Result "0-1"]
[WhiteElo "2131"]
[BlackElo "2447"]

1.e4 c5 2.Nf3 e6 3.Nc3 a6 4.d4 cxd4 5.Nxd4 Qc7 6.Be2 Nf6 7.Bg5 Bb4 8.Bxf6 Bxc3+
9.bxc3 Qxc3+ 10.Kf1 gxf6 11.Rb1 Nc6 12.Nxc6 bxc6 13.Rb3 Qe5 14.Bd3 a5 15.g3 a4
16.Rb6 h5 17.h4 f5 18.exf5 Qd5 19.Rh3 Qxa2 20.g4 hxg4 21.Qxg4 Qa1+ 22.Kg2 Kd8
23.h5 Kc7 24.Rb4 Bb7 25.Qg3+ d6 26.Rg4 c5+ 27.f3 exf5 28.Rg7 Qxg7 29.Qxg7 Rag8
30.h6 Rxg7+ 31.hxg7 Rg8 32.Rg3 Bc8 33.Bc4 Be6 34.Bxe6 fxe6 35.f4 a3 36.Rxa3 Rxg7+
37.Kf3 Kb6 38.c4 e5 39.Rb3+ Kc6 40.Ra3 e4+ 41.Kf2 Rg4 42.Ra6+ Kd7  0-1

[Event "LXVIII ch-ESP Abierto"]
[Site "Burgos ESP"]
[Date "2003.10.24"]
[Round "1"]
[White "Iza Abete,A"]
[Black "Solana Suarez,E"]
[Result "1/2-1/2"]
[WhiteElo "1983"]
[BlackElo "2348"]

1.e4 c5 2.Nf3 e6 3.d4 cxd4 4.Nxd4 a6 5.Nc3 Qc7 6.g3 Nc6 7.Bg2 Nf6 8.O-O Nxd4
9.Qxd4 Bc5 10.Bf4 d6 11.Qd2 h6 12.Rad1 e5 13.Be3 Ke7 14.Bxc5 Qxc5 15.Kh1 Be6
16.Nd5+ Bxd5 17.exd5 Rhe8 18.f4 e4 19.Qd4 Qxc2 20.Qb6 Qc5 21.Qxb7+ Kf8 22.b4 Qb5
23.Qxb5 axb5 24.Rf2 Rac8 25.Bf1 e3 26.Rb2 Ne4 27.Kg2 Nc3 28.Re1 Ra8 29.Kf3 Ra3
30.Rb3 Rxb3 31.axb3 Nxd5 32.Bxb5 Rb8 33.Bf1 Nxb4 34.Rxe3 Nc2 35.Rc3 Rxb3
36.Rxb3 Nd4+ 37.Ke4 Nxb3 38.Kd5 Ke7 39.Be2 Nc5 40.h3 Nd7 41.Bf3 Nf6+ 42.Kd4 Ke6
43.g4 g5 44.f5+ Ke7 45.Bg2 Ne8 46.Bc6 Nc7 47.Ke4 Kf6 48.Kd4 h5 49.Ke4 h4
50.Kd4 Ke7 51.Ke4 Na6 52.Kd4 Nc5 53.Bf3 Nd7 54.Kd5 Ne5 55.Be4 Kd7 56.Kd4 Kc7
57.Kd5 Nd7 58.Bf3 Nb6+ 59.Kd4 f6 60.Bg2  1/2-1/2

[Event "WYb16"]
[Site "Halkidiki GRE"]
[Date "2003.10.24"]
[Round "2"]
[White "Pancevski,F"]
[Black "Papp,Ga"]
[Result "1/2-1/2"]
[WhiteElo "2273"]
[BlackElo "2432"]

1.e4 c5 2.Nf3 e6 3.d4 cxd4 4.Nxd4 a6 5.Nc3 b5 6.g3 Bb7 7.Bg2 b4 8.Na4 Nf6
9.O-O Bxe4 10.Bxe4 Nxe4 11.Re1 d5 12.Nxe6 fxe6 13.Qh5+ g6 14.Qe5 Qf6 15.Rxe4 Qxe5
16.Rxe5 Kf7 17.Bf4 Nc6 18.Re3 Bg7 19.Bd6 Rad8 20.Bc5 Rhe8 21.Rd1 Kg8 22.Kg2 a5
23.Rb3 Ne5 24.a3 bxa3 25.Bxa3 Nc4 26.Bc5 Rc8 27.Rb5 Bxb2 28.c3 Rb8 29.Rxb8 Rxb8
30.Rb1 Rc8 31.Bd4 Ba3 32.f4 Bf8 33.Rb7 h6 34.Kf3 h5 35.g4 Nd2+ 36.Kg3 Ne4+
37.Kh4 Nd6 38.Rd7 hxg4 39.Kg5 Nf5 40.Bf6 Bg7 41.Bxg7 Nxg7 42.Kxg6 Ne8 43.Re7 Kf8
44.Rf7+ Kg8 45.Re7 Kf8 46.Rf7+ Kg8 47.Re7  1/2-1/2

[Event "300 Years"]
[Site "St Petersburg RUS"]
[Date "2003.10.24"]
[Round "7"]
[White "Frolyanov,D"]
[Black "Brodsky,M"]
[Result "1/2-1/2"]
[WhiteElo "2482"]
[BlackElo "2559"]

1.e4 c5 2.Nf3 e6 3.d4 cxd4 4.Nxd4 a6 5.Nc3 Qc7 6.g3 Bb4 7.Bd2 Nf6 8.Bg2 Nc6
9.Nb3 Be7 10.O-O d6 11.a4 b6 12.f4 Bb7 13.Be3 O-O 14.g4 Rfe8 15.g5 Nd7 16.Rf3 Na5
17.Nxa5 bxa5 18.Rh3 g6 19.Qe1 Bf8 20.Qh4 h5 21.gxh6 Kh7 22.Rf1 Be7 23.Qg3 Rg8
24.Bd4 f6 25.Qf2 Rac8 26.Rg3 e5 27.Be3 exf4 28.Bxf4 Rce8 29.Bh3 Nc5 30.Qd4 Qb6
31.Be6 Rgf8 32.Bd5 Qb4 33.Qe3 Bxd5 34.Nxd5 Qxe4 35.Qd2 Qxa4 36.Re3 Bd8 37.Nc3 Qd7
38.Qxd6 Qxd6 39.Bxd6 Rxe3 40.Bxf8 Re5 41.Rd1 Be7 42.Bxe7 Rxe7 43.Rd6 Re6
44.Rd5 Rc6 45.Rd4 Ne6 46.Rd5 Kxh6 47.Rxa5 Nd4 48.Kf2 Nxc2 49.Ne4 Nb4 50.Ke3 Re6
51.Ra4 Nc6 52.Kf4 a5 53.Rc4 Nb4 54.Rd4 Re5 55.Nc3 g5+ 56.Kf3 Kg6 57.h4 Nc2
58.Rd2 Ne3 59.hxg5 fxg5 60.Ne4 Nd5 61.Rd4 Nf6 62.Nxf6 Kxf6 63.b4 a4 64.b5 Rxb5
65.Rxa4 Kf5 66.Ra3  1/2-1/2

[Event "300 Years"]
[Site "St Petersburg RUS"]
[Date "2003.10.24"]
[Round "7"]
[White "Halyavskiy,N"]
[Black "Potkin,V"]
[Result "0-1"]
[WhiteElo "2312"]
[BlackElo "2534"]

1.e4 c5 2.Nf3 e6 3.d4 cxd4 4.Nxd4 a6 5.Nc3 Qc7 6.Bd3 Nf6 7.O-O Nc6 8.Be3 b5
9.h3 Bb7 10.Nf3 Be7 11.Qe2 O-O 12.Rfd1 b4 13.Na4 d5 14.Bb6 Qb8 15.exd5 Nxd5
16.Qe4 g6 17.Bc5 Qc7 18.a3 bxa3 19.Rxa3 Ncb4 20.Bxe7 Qxe7 21.Qe5 Rac8 22.c3 Nxd3
23.Rxd3 f6 24.Qe1 e5 25.Rd2 Rfd8 26.g3 Qe6 27.Kh2 Qc6 28.Qe4 Ne7 29.Rxd8+ Rxd8
30.Qxc6 Bxc6 31.c4 e4 32.Ne1 Rd2 33.Kg1 Nf5 34.Nc3 Rxb2 35.Rxa6 Bb7 36.Ra2 Rb3
37.Nd5 Rb1 38.Kf1 Bxd5 39.cxd5 Nd4 40.Ra8+ Kg7 41.Ra7+ Kf8 42.Ra8+ Ke7 43.Ra4 Rd1
44.Kg2 Kd6 45.Rc4 Rd2 46.Rc3 Kxd5 47.h4 f5 48.Re3 h6 49.Kf1 Rd1 50.Kg2 g5
51.hxg5 hxg5 52.f3 Rd2+ 53.Kh1 g4 54.fxg4 fxg4 55.Ng2 Nf3 56.Nf4+ Kd4 57.Re2 Rd1+
58.Kg2 e3 59.Ne6+ Kd3 60.Nf4+ Kd4 61.Nh3 gxh3+  0-1

[Event "CCAS Open"]
[Site "Cap d'Agde FRA"]
[Date "2003.10.25"]
[Round "3"]
[White "Paragua,M"]
[Black "Beudaert,X"]
[Result "0-1"]
[WhiteElo "2500"]
[BlackElo "2272"]

1.Nf3 c5 2.e4 e6 3.d4 cxd4 4.Nxd4 a6 5.Nc3 b5 6.Bd3 Qb6 7.Nf3 Qc7 8.e5 Ne7
9.Qe2 Ng6 10.O-O Nc6 11.Bxg6 hxg6 12.Bf4 d5 13.exd6 Bxd6 14.Nd5 Qb8 15.Bxd6 Qxd6
16.Rad1 Qb8 17.Qe3 O-O 18.Nb6 Ra7 19.Rfe1 Ne7 20.Ne5 Nf5 21.Qc5 Rc7 22.Nc6 Re8
23.Nxb8 Rxc5 24.Re2 f6 25.b4 Rc3 26.f3 Kf7 27.N8d7 Bxd7 28.Rxd7+ Re7 29.Rdd2 Rec7
30.Nd7 R3c4 31.Nc5 e5 32.a3 a5 33.Re4 Nd4 34.Kf2 axb4 35.axb4 g5 36.h4 gxh4
37.f4 Nc6 38.Rxc4 bxc4 39.c3 exf4 40.Rd6 Ne5 41.Rd5 Ra7 42.Rd2 g5 43.b5 Ra5
44.Nb7 Ra1 45.Nd8+ Kg6 46.Nc6 Nd3+ 47.Kf3 Re1  0-1